000 00489nam a2200181Ia 4500
001 22988
005 20260414150907.0
008 260414t2004||||xx |||||||||||||| ||spa||
041 _aESP
082 _a624.1762
_bB79
100 _aBozorgnia, Yousef
_eAUT
245 0 _aEarthquake engineering :
_bfrom engineering seismology to performance-based engineering
260 _c2004
300 _avarias paginaciones :
_c26 cm.
650 _a0
654 _aCIC
942 _cLIB
_dJUS
_fJUS
_2ddc
_n
999 _c22988
_d22988